[Event "Sachsen-ch U18"]
[Site "Sebnitz"]
[Date "2006.04.18"]
[Round "1"]
[White "Haense, Felix"]
[Black "Dueck, Stefan"]
[Result "1/2-1/2"]
[WhiteElo "1724"]
[BlackElo "2017"]
[PlyCount "86"]
[EventDate "2006.04.18"]
[EventType "swiss"]
[EventRounds "7"]
[EventCountry "GER"]
[SourceTitle "EXT 2007"]
[Source "ChessBase"]
[SourceDate "2006.11.23"]
[SourceVersion "1"]
[SourceVersionDate "2006.11.23"]
[SourceQuality "1"]

1. Nf3 Nf6 2. g3 g6 3. Bg2 Bg7 4. 0-0 0-0 5. Nc3 d6 6. d3 e5 7. Nd2 c6 8. Nde4 Nxe4 9. dxe4 Na6 10. f4 exf4 11. gxf4 f5 12. exf5 Rxf5 13. e4 Rh5 14. Bf3 Rh4 15. e5 Bh3 16. Rf2 dxe5 17. Qxd8+ Rxd8 18. fxe5 h6 19. Be3 Bxe5 20. Bxa7 c5 21. Ne2 Rb4 22. Re1 Ra8 23. Bd5+ Kh8 24. Rf7 Nc7 25. Rxc7 Bxc7 26. Bxc5 Rg4+ 27. Ng3 Rd8 28. Be6 Rg5 29. Be7 Bb6+ 30. Kh1 Bxe6 31. Rxe6 Rd1+ 32. Kg2 Rd2+ 33. Kh3 Bg1 34. Bxg5 Rxh2+ 35. Kg4 hxg5 36. Kxg5 Rg2 37. Kh6 Kg8 38. Rxg6+ Kf8 39. Nh5 Be3+ 40. Kh7 Rh2 41. Rg8+ Kf7 42. Rg7+ Kf8 43. Rg8+ Kf7 1/2-1/2

[Event "Leutersdorf Muench Braeu op 11th"]
[Site "Leutersdorf"]
[Date "2006.02.12"]
[Round "3"]
[White "Bulano, Alexander"]
[Black "Dueck, Stefan"]
[Result "0-1"]
[WhiteElo "1867"]
[BlackElo "2017"]
[PlyCount "64"]
[EventDate "2006.02.11"]
[EventType "swiss"]
[EventRounds "9"]
[EventCountry "GER"]
[SourceTitle "CBM 110 Extra"]
[Source "ChessBase"]
[SourceDate "2006.03.10"]
[SourceVersion "2"]
[SourceVersionDate "2006.03.10"]
[SourceQuality "1"]

1. c4 g6 2. g3 Bg7 3. Bg2 d6 4. Nc3 Nf6 5. d3 0-0 6. b4 Ne4 7. Nxe4 Bxa1 8. Bh6 Bg7 9. Qd2 Nd7 10. h4 Nf6 11. Nxf6+ exf6 12. Bxg7 Kxg7 13. h5 Rh8 14. Be4 c6 15. Bf3 Be6 16. g4 d5 17. c5 a5 18. b5 cxb5 19. h6+ Kf8 20. Qb2 b4 21. e3 d4 22. Ne2 dxe3 23. fxe3 a4 24. Rf1 b3 25. a3 Qxd3 26. Qxf6 Rg8 27. Bxb7 Re8 28. Bc6 Bc4 29. Qd6+ Qxd6 30. cxd6 Rxe3 31. Rf4 Rxe2+ 32. Kd1 b2 0-1

[Event "Leutersdorf Muench Braeu op 11th"]
[Site "Leutersdorf"]
[Date "2006.02.12"]
[Round "2"]
[White "Dueck, Stefan"]
[Black "Ksieski, Zbigniew"]
[Result "0-1"]
[WhiteElo "2017"]
[BlackElo "2384"]
[PlyCount "104"]
[EventDate "2006.02.11"]
[EventType "swiss"]
[EventRounds "9"]
[EventCountry "GER"]
[SourceTitle "CBM 110 Extra"]
[Source "ChessBase"]
[SourceDate "2006.03.10"]
[SourceVersion "2"]
[SourceVersionDate "2006.03.10"]
[SourceQuality "1"]

1. Nf3 c5 2. e4 Nc6 3. d4 cxd4 4. Nxd4 Nf6 5. Nc3 d6 6. Bc4 e6 7. Bb3 Na5 8. 0-0 b6 9. f4 Nxb3 10. axb3 Bb7 11. e5 dxe5 12. fxe5 Bc5 13. Be3 Nd5 14. Qf3 0-0 15. Nxd5 Qxd5 16. Qxd5 Bxd5 17. c3 Bxb3 18. Rfe1 Bc4 19. b4 Bxd4 20. Bxd4 Rfb8 21. Ra3 Kf8 22. Kf2 Ke7 23. Ke3 Rb7 24. g3 Rd8 25. Rb1 Rd5 26. Rba1 a6 27. Re1 f6 28. Kf4 a5 29. bxa5 bxa5 30. h4 Rbb5 31. Re4 Kf7 32. g4 Rb1 33. Kg3 Bb3 34. Rf4 a4 35. Rf3 h5 36. exf6 hxg4 37. Kxg4 e5 38. fxg7+ Kxg7 39. Be3 Bd1 40. Kg3 Bxf3 41. Kxf3 Ra5 42. Ke4 Rb3 43. Bc1 Rxa3 44. Bxa3 Rb5 45. Bd6 Kf7 46. h5 Ke6 47. c4 Rb1 48. Bf8 Rf1 49. Bg7 a3 50. h6 Re1+ 51. Kd3 a2 52. h7 Rh1 0-1

[Event "GER-ch U18"]
[Site "Willingen"]
[Date "2005.05.21"]
[Round "9"]
[White "Dueck, Stefan"]
[Black "Schulz, Stefanie"]
[Result "1/2-1/2"]
[WhiteElo "2049"]
[BlackElo "2070"]
[PlyCount "62"]
[EventDate "2005.05.14"]
[EventType "swiss"]
[EventRounds "9"]
[EventCountry "GER"]
[SourceTitle "CBM 106 Extra"]
[Source "ChessBase"]
[SourceDate "2005.07.01"]
[SourceVersion "1"]
[SourceVersionDate "2005.07.01"]
[SourceQuality "1"]

1. Nf3 c5 2. e4 Nc6 3. d4 cxd4 4. Nxd4 g6 5. Nc3 Bg7 6. Be3 Nf6 7. Bc4 Qa5 8. 0-0 0-0 9. Bb3 d6 10. f3 Bd7 11. Qd2 Rfd8 12. Nxc6 bxc6 13. Bh6 Qb6+ 14. Kh1 Bh8 15. Ne2 d5 16. Qg5 e5 17. Ng3 Qc7 18. f4 Ng4 19. f5 Nxh6 20. Qxh6 Bg7 21. Qh4 Qd6 22. Rad1 Bf6 23. Qg4 d4 24. Qf3 g5 25. Qh5 Qf8 26. Rf3 Qg7 27. Nf1 c5 28. Bd5 Rab8 29. b3 Rb6 30. Nd2 Bb5 31. Nc4 Bxc4 1/2-1/2

[Event "GER-ch U18"]
[Site "Willingen"]
[Date "2005.05.19"]
[Round "7"]
[White "Behm, Simon"]
[Black "Dueck, Stefan"]
[Result "1-0"]
[WhiteElo "2214"]
[BlackElo "2049"]
[PlyCount "63"]
[EventDate "2005.05.14"]
[EventType "swiss"]
[EventRounds "9"]
[EventCountry "GER"]
[SourceTitle "CBM 106 Extra"]
[Source "ChessBase"]
[SourceDate "2005.07.01"]
[SourceVersion "1"]
[SourceVersionDate "2005.07.01"]
[SourceQuality "1"]

1. d4 Nf6 2. c4 g6 3. Nf3 Bg7 4. e4 d6 5. Nc3 0-0 6. Be2 Bg4 7. Be3 Nfd7 8. Rc1 c5 9. d5 a6 10. Nd2 Bxe2 11. Qxe2 Qa5 12. Nb3 Qb4 13. Bd2 Nb6 14. Nd1 Qa4 15. Qd3 N8d7 16. f4 Rfe8 17. 0-0 e6 18. dxe6 Rxe6 19. Bc3 Bxc3 20. Rxc3 Rae8 21. Nf2 Qc6 22. Nd2 Na4 23. Rb3 Rb8 24. Qh3 Nf6 25. Qh4 Kg7 26. Rh3 Nxb2 27. f5 Ree8 28. Qh6+ Kg8 29. fxg6 fxg6 30. Ng4 Nh5 31. Rxh5 gxh5 32. Qg5+ 1-0

[Event "GER-ch U18"]
[Site "Willingen"]
[Date "2005.05.19"]
[Round "8"]
[White "Jahncke, Giso"]
[Black "Dueck, Stefan"]
[Result "1-0"]
[WhiteElo "1882"]
[BlackElo "2049"]
[PlyCount "71"]
[EventDate "2005.05.14"]
[EventType "swiss"]
[EventRounds "9"]
[EventCountry "GER"]
[SourceTitle "CBM 106 Extra"]
[Source "ChessBase"]
[SourceDate "2005.07.01"]
[SourceVersion "1"]
[SourceVersionDate "2005.07.01"]
[SourceQuality "1"]

1. e4 e6 2. d4 d5 3. Nc3 Bb4 4. e5 c5 5. a3 Ba5 6. b4 cxd4 7. Nb5 Bc7 8. f4 Bd7 9. Nxc7+ Qxc7 10. Bd3 Ne7 11. Nf3 Nbc6 12. Bd2 Nf5 13. Bxf5 exf5 14. 0-0 Qb6 15. Kh1 0-0 16. Rb1 Rfc8 17. Be1 a6 18. Bf2 Ne7 19. Nxd4 Qg6 20. Bh4 Nc6 21. Nb3 Na7 22. Rf3 Qg4 23. Bf6 Kh8 24. h3 Qg6 25. Bg5 Nb5 26. Nc5 b6 27. Nxd7 Nc3 28. Rxc3 Rxc3 29. Nf6 gxf6 30. Bxf6+ Kg8 31. Qxd5 Rf8 32. Rd1 Rxc2 33. Rd3 h6 34. Kh2 Rc1 35. Qd6 h5 36. Qxf8+ 1-0

[Event "GER-ch U18"]
[Site "Willingen"]
[Date "2005.05.15"]
[Round "3"]
[White "Elstner, Eik"]
[Black "Dueck, Stefan"]
[Result "1/2-1/2"]
[WhiteElo "2095"]
[BlackElo "2049"]
[PlyCount "40"]
[EventDate "2005.05.14"]
[EventType "swiss"]
[EventRounds "9"]
[EventCountry "GER"]
[SourceTitle "CBM 106 Extra"]
[Source "ChessBase"]
[SourceDate "2005.07.01"]
[SourceVersion "1"]
[SourceVersionDate "2005.07.01"]
[SourceQuality "1"]

1. d4 Nf6 2. c4 g6 3. Nc3 Bg7 4. e4 d6 5. Nf3 0-0 6. Be2 Bg4 7. Be3 Nfd7 8. h4 Nc6 9. d5 Bxc3+ 10. bxc3 Na5 11. Bh6 Re8 12. Nd2 Bxe2 13. Qxe2 Nc5 14. Qf3 Nd7 15. h5 Ne5 16. Qh3 Qd7 17. Qh2 Ng4 18. Qh3 Ne5 19. Qh2 Ng4 20. Qh3 Ne5 1/2-1/2

[Event "GER-chT U16"]
[Site "Dittrichshuette"]
[Date "2004.12.27"]
[Round "2"]
[White "Dueck, Stefan"]
[Black "Strathoff, Martin"]
[Result "1-0"]
[WhiteElo "1885"]
[BlackElo "1937"]
[PlyCount "77"]
[EventDate "2004.12.27"]
[EventType "team"]
[EventRounds "6"]
[EventCountry "GER"]
[SourceTitle "EXT 2006"]
[Source "ChessBase"]
[SourceDate "2005.11.24"]
[SourceVersion "1"]
[SourceVersionDate "2005.11.24"]
[SourceQuality "1"]

1. Nf3 Nf6 2. g3 d5 3. Bg2 e6 4. d3 c5 5. 0-0 Nc6 6. Nbd2 Be7 7. Re1 e5 8. e4 d4 9. Nc4 Qc7 10. a4 0-0 11. Nh4 Be6 12. Na3 Nd7 13. Nf5 Nf6 14. f4 Rfe8 15. Nxe7+ Qxe7 16. f5 Bc8 17. g4 Nd7 18. g5 Nf8 19. Rf1 f6 20. h4 Rd8 21. Qe1 Kh8 22. Qg3 Qf7 23. Bf3 Ne7 24. Bg4 Ng8 25. Nc4 Qe7 26. Rf2 b6 27. Rg2 Nd7 28. Bh3 Rb8 29. Bd2 a6 30. Kh2 Rb7 31. Rag1 h6 32. gxh6 gxh6 33. Nd6 Nb8 34. Nxb7 Qxb7 35. Qxg8+ Rxg8 36. Rxg8+ Kh7 37. Bxh6 Nd7 38. R1g7+ Kxh6 39. Re7 1-0

[Event "GER-chT U16"]
[Site "Dittrichshuette"]
[Date "2004.12.27"]
[Round "1"]
[White "Fuhrmann, Max"]
[Black "Dueck, Stefan"]
[Result "0-1"]
[WhiteElo "1768"]
[BlackElo "1885"]
[PlyCount "65"]
[EventDate "2004.12.27"]
[EventType "team"]
[EventRounds "6"]
[EventCountry "GER"]
[SourceTitle "EXT 2006"]
[Source "ChessBase"]
[SourceDate "2005.11.24"]
[SourceVersion "1"]
[SourceVersionDate "2005.11.24"]
[SourceQuality "1"]

1. e4 e6 2. d4 d5 3. exd5 exd5 4. Bd3 Nf6 5. Nf3 c5 6. dxc5 Bxc5 7. 0-0 0-0 8. Bg5 Qd6 9. c3 Nc6 10. Qc2 h6 11. Bh4 Bg4 12. Nbd2 Nh5 13. Kh1 Qc7 14. Nb3 Bxf3 15. Nxc5 Ne5 16. Be2 Bxg2+ 17. Kxg2 Nf4+ 18. Kh1 Qxc5 19. Rae1 Rfe8 20. Bg3 Neg6 21. Bf3 Qb5 22. Rd1 Rad8 23. a4 Qa6 24. h4 Ne2 25. Rfe1 Ngf4 26. Bxf4 Nxf4 27. Rxe8+ Rxe8 28. Bxd5 Qf6 29. Bf3 Qxh4+ 30. Kg1 Qh3 31. Be4 Qg4+ 32. Kh2 Qh4+ 33. Kg1 0-1

[Event "Sachsen-ch U16"]
[Site "Sebnitz"]
[Date "2004.04.??"]
[Round "3"]
[White "Dueck, Stefan"]
[Black "Ehrhardt, Eric"]
[Result "0-1"]
[WhiteElo "2086"]
[BlackElo "2060"]
[PlyCount "64"]
[EventDate "2004.04.??"]
[EventType "swiss"]
[EventRounds "7"]
[EventCountry "GER"]
[SourceTitle "EXT 2005"]
[Source "ChessBase"]
[SourceDate "2004.11.15"]
[SourceVersion "1"]
[SourceVersionDate "2004.11.15"]
[SourceQuality "1"]

1. Nf3 Nf6 2. g3 g6 3. Bg2 Bg7 4. d3 d5 5. 0-0 0-0 6. Nbd2 c6 7. c3 Nbd7 8. e4 dxe4 9. Nxe4 Nxe4 10. dxe4 e5 11. Qc2 Qc7 12. Be3 b6 13. Rfd1 Bb7 14. Rd2 Rad8 15. Rad1 Rfe8 16. Bh3 Nf8 17. Qb3 Rxd2 18. Rxd2 c5 19. Ng5 Re7 20. Qc4 h6 21. Nf3 Nh7 22. Nh4 Kh8 23. f4 Nf6 24. fxe5 Qxe5 25. Rd8+ Kh7 26. Nf5 Qxe4 27. Qxe4 Rxe4 28. Kf2 Re5 29. Nxg7 Kxg7 30. Bf4 Re7 31. Bg2 Ng4+ 32. Kf1 Ba6+ 0-1

[Event "Leutersdorf Muench Braeu op 09th"]
[Site "Leutersdorf"]
[Date "2004.02.08"]
[Round "4"]
[White "Bogdanovich, Grigory Grigorievic"]
[Black "Dueck, Stefan"]
[Result "1-0"]
[WhiteElo "2344"]
[BlackElo "2086"]
[PlyCount "55"]
[EventDate "2004.02.07"]
[EventType "swiss"]
[EventRounds "9"]
[EventCountry "GER"]
[SourceTitle "CBM 098 Extra"]
[Source "ChessBase"]
[SourceDate "2004.03.10"]
[SourceVersion "2"]
[SourceVersionDate "2004.03.10"]
[SourceQuality "1"]

1. d4 Nf6 2. Nf3 g6 3. c4 Bg7 4. Nc3 d6 5. Bg5 0-0 6. e3 Bg4 7. Be2 Nc6 8. h3 Bxf3 9. Bxf3 Nd7 10. 0-0 f6 11. Bh4 e5 12. dxe5 Ndxe5 13. Bd5+ Kh8 14. f4 Nd7 15. Qf3 Qe8 16. Bxc6 bxc6 17. Qxc6 Qxe3+ 18. Bf2 Qe6 19. Nd5 Qf7 20. Rfe1 Rae8 21. Rxe8 Rxe8 22. Qxc7 f5 23. Qxa7 Bxb2 24. Rb1 Re2 25. Rxb2 Rxb2 26. Qd4+ Kg8 27. Qxb2 h6 28. a4 1-0

[Event "Leutersdorf Muench Braeu op 09th"]
[Site "Leutersdorf"]
[Date "2004.02.08"]
[Round "3"]
[White "Dueck, Stefan"]
[Black "Helmbold, Irene"]
[Result "1-0"]
[WhiteElo "2086"]
[BlackElo "1198"]
[PlyCount "41"]
[EventDate "2004.02.07"]
[EventType "swiss"]
[EventRounds "9"]
[EventCountry "GER"]
[SourceTitle "CBM 098 Extra"]
[Source "ChessBase"]
[SourceDate "2004.03.10"]
[SourceVersion "2"]
[SourceVersionDate "2004.03.10"]
[SourceQuality "1"]

1. e4 c5 2. Nf3 e6 3. d4 cxd4 4. Nxd4 Nf6 5. Nc3 d6 6. Bc4 a6 7. Bb3 b5 8. 0-0 b4 9. Na4 Nxe4 10. Re1 Nf6 11. f4 Be7 12. Qf3 d5 13. f5 0-0 14. fxe6 fxe6 15. Nxe6 Bxe6 16. Rxe6 Ne4 17. Qd3 Bc5+ 18. Be3 Bxe3+ 19. Qxe3 Nf6 20. Rd1 Qc7 21. Rxf6 1-0

[Event "Leutersdorf Muench Braeu op 08th"]
[Site "Leutersdorf"]
[Date "2003.02.14"]
[Round "7"]
[White "Dueck, Stefan"]
[Black "Shmirina, Evgenija"]
[Result "0-1"]
[WhiteElo "2099"]
[BlackElo "2088"]
[PlyCount "104"]
[EventDate "2003.02.12"]
[EventType "swiss"]
[EventRounds "9"]
[EventCountry "GER"]
[SourceTitle "CBM 092 Extra"]
[Source "ChessBase"]
[SourceDate "2003.03.07"]
[SourceVersion "1"]
[SourceVersionDate "2003.03.07"]
[SourceQuality "1"]

1. e4 e6 2. d4 d5 3. Nc3 Bb4 4. e5 Ne7 5. a3 Bxc3+ 6. bxc3 c5 7. Qg4 0-0 8. Nf3 Nbc6 9. Bd3 f5 10. exf6 Rxf6 11. Ne5 c4 12. Bg5 Nxe5 13. dxe5 Rf7 14. Bxe7 Qxe7 15. Be2 Bd7 16. 0-0 Ba4 17. Bd1 Raf8 18. Qd4 b6 19. g3 Qc7 20. f4 g6 21. Rf2 Qe7 22. Bg4 Rc8 23. Rb1 Rc5 24. Rb4 Ra5 25. Qd2 Bd7 26. Qc1 Qc5 27. Kg2 Rf8 28. h4 Bc6 29. Bf3 d4 30. cxd4 Bxf3+ 31. Rxf3 Qxd4 32. Qe3 Qd5 33. a4 Rd8 34. Qc3 Rc5 35. g4 Qe4 36. Kg3 Rd1 37. Qe3 Qxc2 38. Rf2 Qd3 39. Qxd3 Rxd3+ 40. Rf3 Rxf3+ 41. Kxf3 c3 42. Rb1 Kf7 43. g5 Ke7 44. Kg4 c2 45. Rc1 Rc3 46. h5 a6 47. h6 b5 48. axb5 axb5 49. f5 exf5+ 50. Kh4 b4 51. e6 Rc4+ 52. Kg3 b3 0-1

[Event "Leutersdorf Muench Braeu op 08th"]
[Site "Leutersdorf"]
[Date "2003.02.14"]
[Round "6"]
[White "Moeller, David"]
[Black "Dueck, Stefan"]
[Result "1-0"]
[WhiteElo "2181"]
[BlackElo "2099"]
[PlyCount "51"]
[EventDate "2003.02.12"]
[EventType "swiss"]
[EventRounds "9"]
[EventCountry "GER"]
[SourceTitle "CBM 092 Extra"]
[Source "ChessBase"]
[SourceDate "2003.03.07"]
[SourceVersion "1"]
[SourceVersionDate "2003.03.07"]
[SourceQuality "1"]

1. d4 Nf6 2. c4 g6 3. Nc3 Bg7 4. e4 d6 5. Be2 0-0 6. Bg5 Nfd7 7. Qd2 f6 8. Be3 Nc6 9. d5 Nce5 10. f4 Nf7 11. Nf3 Nb6 12. Nd4 Nh6 13. 0-0-0 f5 14. h3 fxe4 15. g4 a6 16. Nxe4 Bxd4 17. Bxd4 Nf7 18. h4 c5 19. dxc6 bxc6 20. h5 e5 21. hxg6 hxg6 22. g5 Nd7 23. Bc3 Kg7 24. Nxd6 Nxd6 25. Qxd6 Qe8 26. fxe5 1-0

[Event "Leutersdorf Muench Braeu op 08th"]
[Site "Leutersdorf"]
[Date "2003.02.12"]
[Round "2"]
[White "Vogt, Lothar"]
[Black "Dueck, Stefan"]
[Result "1-0"]
[WhiteElo "2479"]
[BlackElo "2099"]
[PlyCount "51"]
[EventDate "2003.02.12"]
[EventType "swiss"]
[EventRounds "9"]
[EventCountry "GER"]
[SourceTitle "CBM 092 Extra"]
[Source "ChessBase"]
[SourceDate "2003.03.07"]
[SourceVersion "1"]
[SourceVersionDate "2003.03.07"]
[SourceQuality "1"]

1. d4 Nf6 2. g3 g6 3. Bg2 Bg7 4. e4 d6 5. Ne2 0-0 6. 0-0 Na6 7. Nbc3 c5 8. e5 Ne8 9. dxc5 Nxc5 10. Be3 Ne6 11. f4 N6c7 12. Ne4 d5 13. N4c3 Be6 14. Qd2 f6 15. Bd4 Bg4 16. exf6 Bxf6 17. h3 Bxe2 18. Nxe2 Nb5 19. Bc5 Nec7 20. a4 Nd6 21. Bxd5+ Kg7 22. Rad1 Nxd5 23. Qxd5 Rc8 24. Nd4 Bxd4+ 25. Bxd4+ Kh6 26. Qg5# 1-0

[Event "GER-chT U16"]
[Site "Burg Stargard"]
[Date "2002.12.28"]
[Round "4.2"]
[White "Dueck, Stefan"]
[Black "Hauser, Carlos"]
[Result "1/2-1/2"]
[WhiteElo "1759"]
[BlackElo "1812"]
[PlyCount "96"]
[EventDate "2002.12.27"]
[EventType "team"]
[EventRounds "7"]
[EventCountry "GER"]
[SourceTitle "CBM 092 Extra"]
[Source "ChessBase"]
[SourceDate "2003.03.07"]
[SourceVersion "1"]
[SourceVersionDate "2003.03.07"]
[SourceQuality "1"]

1. e4 e5 2. Nf3 d6 3. Bc4 Nc6 4. d4 exd4 5. Nxd4 Nf6 6. 0-0 Be7 7. Nc3 0-0 8. Re1 Bd7 9. Bf4 a6 10. a4 Ne5 11. Bxe5 dxe5 12. Nf3 Bd6 13. h3 Qe7 14. Qe2 Rad8 15. Rad1 c6 16. Rd3 b5 17. axb5 axb5 18. Bb3 Nh5 19. Qd2 Bc8 20. Ne2 Bc7 21. c3 Rxd3 22. Qxd3 Rd8 23. Qc2 Qf6 24. Nh2 Bb6 25. Rf1 h6 26. Kh1 Qg5 27. Nf3 Qf6 28. Nh2 Nf4 29. f3 Nxg2 30. Kxg2 Qg5+ 31. Ng4 Rd2 32. f4 Rxc2 33. fxg5 Rxe2+ 34. Kg3 hxg5 35. Bxf7+ Kh7 36. h4 gxh4+ 37. Kxh4 Rxe4 38. Bh5 Rf4 39. Rxf4 exf4 40. Be8 Bd8+ 41. Kh3 Bb7 42. Ne5 b4 43. Bxc6 Bxc6 44. Nxc6 bxc3 45. bxc3 Bc7 46. Kg4 Bd6 47. Nd4 Kg8 48. Ne6 Kf7 1/2-1/2

[Event "Leutersdorf Muench Braeu op 07th"]
[Site "Leutersdorf"]
[Date "2002.02.12"]
[Round "2"]
[White "Handrick Morgenstern, Petra"]
[Black "Dueck, Stefan"]
[Result "0-1"]
[WhiteElo "1771"]
[BlackElo "2112"]
[PlyCount "102"]
[EventDate "2002.02.11"]
[EventType "swiss"]
[EventRounds "9"]
[EventCountry "GER"]
[SourceTitle "CBM 086 Extra"]
[Source "ChessBase"]
[SourceDate "2002.03.14"]
[SourceVersion "1"]
[SourceVersionDate "2002.03.14"]
[SourceQuality "1"]

1. d4 Nf6 2. c4 g6 3. Nc3 Bg7 4. e4 d6 5. f3 0-0 6. Be3 Nc6 7. Nge2 a6 8. Nc1 Rb8 9. Be2 Bd7 10. Nb3 Na7 11. d5 c5 12. dxc6 Nxc6 13. 0-0 Be6 14. Nd4 Nd7 15. Nxe6 fxe6 16. Qd2 Rf7 17. Rfc1 Nf8 18. Rab1 Bxc3 19. Qxc3 e5 20. c5 Ne6 21. Bc4 Qd7 22. Qb3 Rf6 23. cxd6 exd6 24. Bd5 Rc8 25. Bg5 Ncd4 26. Rxc8+ Qxc8 27. Qxb7 Qxb7 28. Bxb7 Nxg5 29. Bxa6 d5 30. Bd3 dxe4 31. fxe4 Kf8 32. Rf1 Rxf1+ 33. Kxf1 Nge6 34. g3 Ke7 35. Kf2 Nc5 36. Bb1 Na4 37. Bd3 Nxb2 38. Ba6 Nd1+ 39. Kg2 Nc3 40. Bb7 Nxa2 41. h4 Nc3 42. Kf2 h6 43. Ba8 Kf6 44. Bb7 g5 45. Ke3 gxh4 46. gxh4 Ncb5 47. Ba6 Nd6 48. Bf1 Kg6 49. Bg2 Kh5 50. Bf1 Kxh4 51. Bd3 Kg3 0-1

[Event "Leutersdorf Muench Braeu op 07th"]
[Site "Leutersdorf"]
[Date "2002.02.11"]
[Round "1"]
[White "Dueck, Stefan"]
[Black "Schiwarth, Nino"]
[Result "1-0"]
[WhiteElo "2112"]
[BlackElo "1629"]
[PlyCount "55"]
[EventDate "2002.02.11"]
[EventType "swiss"]
[EventRounds "9"]
[EventCountry "GER"]
[SourceTitle "CBM 086 Extra"]
[Source "ChessBase"]
[SourceDate "2002.03.14"]
[SourceVersion "1"]
[SourceVersionDate "2002.03.14"]
[SourceQuality "1"]

1. e4 c5 2. Nf3 d6 3. d4 cxd4 4. Nxd4 Nf6 5. Nc3 g6 6. Bc4 Bg7 7. f3 0-0 8. Be3 Nc6 9. Qd2 Bd7 10. 0-0-0 Rc8 11. Bb3 Ne5 12. Bh6 Nc4 13. Bxc4 Rxc4 14. Bxg7 Kxg7 15. g4 Qa5 16. Nb3 Qc7 17. h4 b5 18. h5 b4 19. hxg6 fxg6 20. Nd5 Nxd5 21. exd5 Rh8 22. Rde1 Kf7 23. Rh2 Bc8 24. Reh1 Kg7 25. Nd4 e5 26. dxe6 Qc5 27. Nf5+ Kf6 28. Nxd6 1-0

[Event "Leipzig VfB op 08th"]
[Site "Leipzig"]
[Date "2001.02.24"]
[Round "7"]
[White "Dueck, Stefan"]
[Black "Natsidis, Christoph"]
[Result "1-0"]
[WhiteElo "1871"]
[BlackElo "1400"]
[PlyCount "51"]
[EventDate "2001.02.20"]
[EventType "swiss"]
[EventRounds "9"]
[EventCountry "GER"]
[SourceTitle "EXT 2008"]
[Source "ChessBase"]
[SourceDate "2007.11.25"]
[SourceVersion "1"]
[SourceVersionDate "2007.11.25"]
[SourceQuality "1"]

1. e4 e6 2. d4 d5 3. Nc3 Nf6 4. e5 Nfd7 5. f4 c5 6. Nf3 Qb6 7. Na4 Qa5+ 8. c3 c4 9. b4 Qc7 10. g4 b5 11. Nc5 Nxc5 12. bxc5 a5 13. Bd2 Nc6 14. a3 Rb8 15. Rb1 Rb7 16. Rb2 Qb8 17. Qb1 Be7 18. Bh3 Bd8 19. f5 Na7 20. 0-0 0-0 21. Bg5 Bc7 22. f6 g6 23. Bh6 Re8 24. Qc1 Nc6 25. Bf8 Nxe5 26. Qh6 1-0

[Event "Leipzig VfB op 08th"]
[Site "Leipzig"]
[Date "2001.02.21"]
[Round "3"]
[White "Dueck, Stefan"]
[Black "Nowak, Thomas"]
[Result "1-0"]
[WhiteElo "1871"]
[BlackElo "1488"]
[PlyCount "70"]
[EventDate "2001.02.20"]
[EventType "swiss"]
[EventRounds "9"]
[EventCountry "GER"]
[SourceTitle "EXT 2008"]
[Source "ChessBase"]
[SourceDate "2007.11.25"]
[SourceVersion "1"]
[SourceVersionDate "2007.11.25"]
[SourceQuality "1"]

1. e4 e5 2. Nf3 Nc6 3. d4 exd4 4. Bc4 Bc5 5. Ng5 Nh6 6. Nxf7 Nxf7 7. Bxf7+ Kxf7 8. Qh5+ g6 9. Qd5+ Kg7 10. Qxc5 d6 11. Qd5 Re8 12. Bg5 Qd7 13. Nd2 Re5 14. Qc4 Rxg5 15. g3 d5 16. Qb5 a6 17. Qd3 dxe4 18. Nxe4 Re5 19. 0-0-0 Qd5 20. Nc3 Qa5 21. Ne2 Bf5 22. Qf3 Be4 23. Qg4 Bxh1 24. Nxd4 Qxa2 25. Nxc6 Bxc6 26. Qd4 Qa1+ 27. Kd2 Qa5+ 28. Kc1 Qc5 29. Qf4 Rf8 30. Qh4 Rxf2 31. c3 Qe3+ 32. Kb1 Be4+ 33. Ka2 Ra5+ 34. Kb3 Bc2+ 35. Kb4 Qc5# 1-0

[Event "Leipzig VfB op 08th"]
[Site "Leipzig"]
[Date "2001.02.20"]
[Round "1"]
[White "Dueck, Stefan"]
[Black "Grosse, Marcus"]
[Result "1-0"]
[WhiteElo "1871"]
[BlackElo "842"]
[PlyCount "57"]
[EventDate "2001.02.20"]
[EventType "swiss"]
[EventRounds "9"]
[EventCountry "GER"]
[SourceTitle "EXT 2008"]
[Source "ChessBase"]
[SourceDate "2007.11.25"]
[SourceVersion "1"]
[SourceVersionDate "2007.11.25"]
[SourceQuality "1"]

1. e4 e6 2. d4 d5 3. Nc3 dxe4 4. Nxe4 Be7 5. Nf3 Nf6 6. Nxf6+ Bxf6 7. Be3 Nd7 8. Bc4 0-0 9. 0-0 b6 10. c3 Bb7 11. Qc2 Qe7 12. Rad1 c5 13. d5 exd5 14. Bxd5 Bxd5 15. Rxd5 Rfd8 16. Re1 Ne5 17. Rxd8+ Rxd8 18. Nxe5 Qxe5 19. Qa4 Qe7 20. Bd2 Qf8 21. Bf4 Ra8 22. h3 Be7 23. Qd7 Bf6 24. Bd6 Rd8 25. Bxf8 Rxd7 26. Bxc5 g6 27. Re8+ Kg7 28. Bf8+ Kg8 29. Bh6# 1-0